| 000 | 00854nam a2200253 a 4500 | ||
|---|---|---|---|
| 001 | BRCA_4888 | ||
| 005 | 20190320204839.0 | ||
| 008 | 920117s1988 mx-a#####b---#000-0#spa-d | ||
| 020 | _a9688421545 | ||
| 041 | _aspa | ||
| 044 | _amx | ||
| 050 | 4 |
_aPQ6335 _b.Q55 1988 |
|
| 245 | 1 | 0 |
_aEl Quijote de Cumplido en diez estampas _cofrecimiento por Luz María Bueno de Porrúa. |
| 260 |
_aMéxico _bMiguel Angel Porrúa _c1988 |
||
| 300 |
_a58 p. _bil. _c28 cm. |
||
| 500 | _aCuenta con 10 litografías de Joaquín Heredia | ||
| 500 | _aEdición conmemorativa | ||
| 504 | _aIncluye referencias bibliográficas | ||
| 600 | 1 | 4 |
_aCervantes Saavedra, Miguel de _d1547-1616 _tDon Quixote _xIlustraciones _912386 |
| 650 | 1 | 4 |
_aLitografía _xHistoria _ySiglo XIX _zMéxico _912387 |
| 700 | 1 |
_aBueno de Porrúa, Luz María _912388 |
|
| 902 | _aCERV | ||
| 942 |
_2lcc _cB |
||
| 999 |
_c4582 _d4582 |
||